[Event "CZE-chT2F 2223"]
[Site "Czech Republic"]
[Date "2023.03.26"]
[Round "11"]
[White "Vermirovsky, Vlastimil"]
[Black "Pala, Vladimir"]
[Result "1/2-1/2"]
[WhiteElo "2027"]
[BlackElo "2176"]
[PlyCount "22"]
[EventDate "2022.10.16"]
[EventType "team-tourn"]
[EventRounds "11"]
[EventCountry "CZE"]
[SourceTitle "EXT 2024"]
[Source "ChessBase"]
[SourceDate "2023.10.10"]
[SourceVersion "1"]
[SourceVersionDate "2023.10.10"]
[SourceQuality "1"]
[WhiteTeam "Koprivnice Tatra"]
[BlackTeam "Hostalkova II"]
[WhiteTeamCountry "CZE"]
[BlackTeamCountry "CZE"]

1. e4 e6 2. d4 d5 3. Nc3 dxe4 4. Nxe4 Bd7 5. Nf3 Bc6 6. Bd3 Nd7 7. 0-0 Be7 8. Re1 Ngf6 9. Ng3 Bxf3 10. Qxf3 c6 11. c3 0-0 1/2-1/2

[Event "CZE-chT2F 2223"]
[Site "Czech Republic"]
[Date "2023.01.22"]
[Round "7"]
[White "Vermirovsky, Vlastimil"]
[Black "Klima, Lukas"]
[Result "0-1"]
[WhiteElo "2013"]
[BlackElo "2338"]
[PlyCount "66"]
[EventDate "2022.10.16"]
[EventType "team-tourn"]
[EventRounds "11"]
[EventCountry "CZE"]
[SourceTitle "EXT 2024"]
[Source "ChessBase"]
[SourceDate "2023.10.10"]
[SourceVersion "1"]
[SourceVersionDate "2023.10.10"]
[SourceQuality "1"]
[WhiteTeam "Koprivnice Tatra"]
[BlackTeam "Poruba Slavoj III"]
[WhiteTeamCountry "CZE"]
[BlackTeamCountry "CZE"]

1. e4 c5 2. Nf3 Nc6 3. d4 cxd4 4. Nxd4 Qb6 5. Nb3 Nf6 6. Nc3 e6 7. Be3 Qc7 8. Qd2 a6 9. 0-0-0 d6 10. f4 Be7 11. h3 b5 12. Bd3 Rb8 13. Kb1 Bd7 14. g4 b4 15. Ne2 Bc8 16. g5 Nd7 17. Ned4 Nxd4 18. Nxd4 Nc5 19. Qe2 Bb7 20. Bf2 d5 21. e5 Ne4 22. Bxe4 dxe4 23. Be3 Bd5 24. f5 g6 25. fxe6 fxe6 26. Rhf1 Bc4 27. Qg4 Bxf1 28. Nxe6 Qc4 29. Ng7+ Kf7 30. Bd4 Rhc8 31. Qf4+ Kg8 32. Rd2 Bd3 33. e6 Bxc2+ 0-1

[Event "CZE-chT2F 2223"]
[Site "Czech Republic"]
[Date "2023.01.08"]
[Round "6"]
[White "Wiewiora, Eneasz"]
[Black "Vermirovsky, Vlastimil"]
[Result "1/2-1/2"]
[WhiteElo "2326"]
[BlackElo "2013"]
[PlyCount "36"]
[EventDate "2022.10.16"]
[EventType "team-tourn"]
[EventRounds "11"]
[EventCountry "CZE"]
[SourceTitle "EXT 2024"]
[Source "ChessBase"]
[SourceDate "2023.10.10"]
[SourceVersion "1"]
[SourceVersionDate "2023.10.10"]
[SourceQuality "1"]
[WhiteTeam "Havirov Slovan"]
[BlackTeam "Koprivnice Tatra"]
[WhiteTeamCountry "CZE"]
[BlackTeamCountry "CZE"]

1. e4 c5 2. c3 Nf6 3. e5 Nd5 4. d4 cxd4 5. cxd4 d6 6. Bc4 Nb6 7. Bb5+ Bd7 8. e6 fxe6 9. Bd3 g6 10. h4 Bg7 11. h5 Bc6 12. hxg6 hxg6 13. Rxh8+ Bxh8 14. Qg4 Kd7 15. Nh3 Qg8 16. Nc3 Na6 17. a3 Nc7 18. Be3 Nbd5 1/2-1/2

[Event "CZE-chT2F 2223"]
[Site "Czech Republic"]
[Date "2022.11.20"]
[Round "3"]
[White "Rucek, Kristian"]
[Black "Vermirovsky, Vlastimil"]
[Result "1-0"]
[WhiteElo "2158"]
[BlackElo "2014"]
[PlyCount "45"]
[EventDate "2022.10.16"]
[EventType "team-tourn"]
[EventRounds "11"]
[EventCountry "CZE"]
[SourceTitle "EXT 2024"]
[Source "ChessBase"]
[SourceDate "2023.10.10"]
[SourceVersion "1"]
[SourceVersionDate "2023.10.10"]
[SourceQuality "1"]
[WhiteTeam "Zlin"]
[BlackTeam "Koprivnice Tatra"]
[WhiteTeamCountry "CZE"]
[BlackTeamCountry "CZE"]

1. d4 d5 2. c4 c6 3. Nc3 Nf6 4. Nf3 e6 5. e3 Nbd7 6. Be2 dxc4 7. a4 Bb4 8. Bxc4 Ne4 9. Qc2 Qa5 10. Bd2 Nxd2 11. Nxd2 0-0 12. 0-0 c5 13. Nb3 Qc7 14. Nb5 Qc6 15. Bd3 f5 16. dxc5 Nxc5 17. N3d4 Qb6 18. Bxf5 a6 19. Bxh7+ Kh8 20. Na3 e5 21. Nf3 Qh6 22. Nxe5 Be6 23. Ng6+ 1-0

[Event "Pardubice Czech op-A 31st"]
[Site "Pardubice"]
[Date "2020.09.21"]
[Round "1"]
[White "Kulhanek, Tomas"]
[Black "Vermirovsky, Vlastimil"]
[Result "1-0"]
[WhiteElo "2332"]
[BlackElo "2001"]
[PlyCount "65"]
[EventDate "2020.09.21"]
[EventType "swiss"]
[EventRounds "9"]
[EventCountry "CZE"]
[SourceTitle "CBM 198 Extra"]
[Source "ChessBase"]
[SourceDate "2020.11.30"]
[SourceVersion "1"]
[SourceVersionDate "2020.11.30"]
[SourceQuality "1"]

1. e4 c5 2. Nf3 d6 3. Bb5+ Nd7 4. Ba4 Ngf6 5. 0-0 e6 6. Qe2 Be7 7. c3 0-0 8. d4 Qc7 9. e5 dxe5 10. dxe5 Nd5 11. c4 Nb4 12. Nc3 Nb6 13. Nb5 Qb8 14. Bc2 Nxc2 15. Qxc2 a6 16. Bg5 Bxg5 17. Nxg5 g6 18. Nd6 f6 19. Nxc8 Qxc8 20. exf6 Rxf6 21. Ne4 Rf8 22. Rad1 Qc7 23. Rd6 Rae8 24. Rfd1 Re7 25. Qd3 Nc8 26. Rd8 Rxd8 27. Qxd8+ Kg7 28. f4 Qxd8 29. Rxd8 Nb6 30. b3 Nd7 31. Rc8 b6 32. Rc7 e5 33. Rb7 1-0

[Event "Ostrava Konik op-A"]
[Site "Ostrava"]
[Date "2016.05.04"]
[Round "5"]
[White "Vermirovsky, Vlastimil"]
[Black "Zalesky, Karel"]
[Result "1/2-1/2"]
[WhiteElo "1978"]
[BlackElo "2073"]
[PlyCount "67"]
[EventDate "2016.04.30"]
[EventType "swiss"]
[EventRounds "9"]
[EventCountry "CZE"]
[SourceTitle "CBM 172 Extra"]
[Source "ChessBase"]
[SourceDate "2016.06.21"]
[SourceVersion "1"]
[SourceVersionDate "2016.06.21"]
[SourceQuality "1"]

1. e4 c5 2. Nf3 e6 3. d4 cxd4 4. Nxd4 Nf6 5. Nc3 Nc6 6. Ndb5 Bb4 7. a3 Bxc3+ 8. Nxc3 a6 9. Bg5 Qa5 10. Qd2 h6 11. Be3 d5 12. 0-0-0 dxe4 13. Qd6 Ng4 14. Nxe4 Nxe3 15. fxe3 Qe5 16. Qxe5 Nxe5 17. Be2 Ke7 18. Rd2 Bd7 19. Rhd1 Bc6 20. Nd6 f5 21. g3 b5 22. c4 Rhb8 23. cxb5 axb5 24. Rd4 Ra6 25. Rb4 Rab6 26. a4 Bf3 27. Bxf3 Rxd6 28. Rxd6 Kxd6 29. Be2 Rc8+ 30. Kd2 bxa4 31. Rxa4 g5 32. Rd4+ Ke7 33. b4 Rb8 34. b5 1/2-1/2

[Event "Ostrava Konik op-A"]
[Site "Ostrava"]
[Date "2016.05.02"]
[Round "3"]
[White "Vermirovsky, Vlastimil"]
[Black "Trombik, Karel"]
[Result "1/2-1/2"]
[WhiteElo "1978"]
[BlackElo "2000"]
[PlyCount "67"]
[EventDate "2016.04.30"]
[EventType "swiss"]
[EventRounds "9"]
[EventCountry "CZE"]
[SourceTitle "CBM 172 Extra"]
[Source "ChessBase"]
[SourceDate "2016.06.21"]
[SourceVersion "1"]
[SourceVersionDate "2016.06.21"]
[SourceQuality "1"]

1. e4 d5 2. exd5 Qxd5 3. Nc3 Qd6 4. d4 Nf6 5. Nf3 c6 6. Be3 Bf5 7. Nh4 Bg4 8. Qd2 e6 9. h3 Bh5 10. g4 Bg6 11. Bg2 Qd8 12. g5 Nd5 13. Nxd5 cxd5 14. Nxg6 hxg6 15. 0-0-0 Nc6 16. Kb1 Qb6 17. c4 Ne7 18. cxd5 Nxd5 19. Bxd5 exd5 20. Bf4 Bb4 21. Qe3+ Qe6 22. Qb3 Qf5+ 23. Rd3 0-0 24. Be3 a5 25. Rhd1 Be7 26. h4 Rab8 27. Qc2 Bb4 28. Rb3 Qg4 29. a3 Bd6 30. Rb6 Bf4 31. Rh1 Bxe3 32. fxe3 Rbc8 33. Qd3 Rc7 34. Ka2 1/2-1/2

[Event "Tatry op"]
[Site "Tatranske Zruby"]
[Date "2012.09.29"]
[Round "8"]
[White "Vermirovsky, Vlastimil"]
[Black "Gibiec, Ernest"]
[Result "0-1"]
[WhiteElo "2044"]
[BlackElo "2229"]
[PlyCount "64"]
[EventDate "2012.09.23"]
[EventType "swiss"]
[EventRounds "9"]
[EventCountry "SVK"]
[SourceTitle "CBM 150 Extra"]
[Source "ChessBase"]
[SourceDate "2012.10.19"]
[SourceVersion "1"]
[SourceVersionDate "2012.10.19"]
[SourceQuality "1"]

1. e4 d6 2. d4 Nf6 3. Nc3 g6 4. Be3 Bg7 5. Qd2 c6 6. h3 b5 7. Bd3 b4 8. Nce2 a5 9. a3 Na6 10. c3 Bb7 11. Nf3 0-0 12. Ng3 c5 13. Bh6 d5 14. e5 Ne4 15. Bxe4 dxe4 16. Nf5 exf3 17. gxf3 Bh8 18. Rg1 Re8 19. Qf4 Bc8 20. Ne3 bxc3 21. bxc3 cxd4 22. cxd4 Nc7 23. Qe4 Be6 24. Rc1 Nd5 25. Rc6 Rc8 26. Rxc8 Qxc8 27. Nxd5 Qc4 28. Nb6 Qc3+ 29. Kf1 Bxh3+ 30. Ke2 Qb2+ 31. Bd2 Qxb6 32. f4 Bg7 0-1

[Event "Tatry op"]
[Site "Tatranske Zruby"]
[Date "2012.09.28"]
[Round "7"]
[White "Michenka, Jozef"]
[Black "Vermirovsky, Vlastimil"]
[Result "1-0"]
[WhiteElo "2357"]
[BlackElo "2044"]
[PlyCount "69"]
[EventDate "2012.09.23"]
[EventType "swiss"]
[EventRounds "9"]
[EventCountry "SVK"]
[SourceTitle "CBM 150 Extra"]
[Source "ChessBase"]
[SourceDate "2012.10.19"]
[SourceVersion "1"]
[SourceVersionDate "2012.10.19"]
[SourceQuality "1"]

1. d4 d5 2. c4 c6 3. Nf3 Nf6 4. e3 a6 5. Bd3 Bg4 6. 0-0 e6 7. Nbd2 Nbd7 8. Qc2 Bd6 9. b3 c5 10. Bb2 Qc7 11. h3 Bh5 12. Rac1 Rc8 13. Qb1 dxc4 14. Rxc4 b5 15. Rcc1 Qb8 16. Ng5 Bg6 17. Nde4 Nxe4 18. Bxe4 0-0 19. Nxh7 Bxh7 20. Bxh7+ Kh8 21. Bd3 cxd4 22. Bxd4 Be5 23. Qb2 Bxd4 24. Qxd4 Nf6 25. Qh4+ Kg8 26. g4 Rxc1 27. Rxc1 Qd8 28. Rd1 g6 29. Be2 Qe7 30. a4 bxa4 31. bxa4 a5 32. Qg5 Ra8 33. Bf3 Ra7 34. h4 Ne8 35. Qxe7 1-0

[Event "Tatry op"]
[Site "Tatranske Zruby"]
[Date "2012.09.26"]
[Round "5"]
[White "Sepesi, Samuel"]
[Black "Vermirovsky, Vlastimil"]
[Result "0-1"]
[WhiteElo "1918"]
[BlackElo "2044"]
[PlyCount "90"]
[EventDate "2012.09.23"]
[EventType "swiss"]
[EventRounds "9"]
[EventCountry "SVK"]
[SourceTitle "CBM 150 Extra"]
[Source "ChessBase"]
[SourceDate "2012.10.19"]
[SourceVersion "1"]
[SourceVersionDate "2012.10.19"]
[SourceQuality "1"]

1. e4 c5 2. Nf3 d6 3. d4 cxd4 4. Nxd4 Nf6 5. Nc3 Nc6 6. Bg5 e6 7. Qd2 a6 8. 0-0-0 h6 9. Bh4 Nxe4 10. Qf4 g5 11. Qxe4 gxh4 12. Nxc6 bxc6 13. Qxc6+ Bd7 14. Qf3 Rb8 15. Bc4 Qb6 16. Bb3 Be7 17. Rhe1 Bc6 18. Qg4 Kf8 19. f4 Qc5 20. Qe2 a5 21. f5 Qxf5 22. Rf1 Qg5+ 23. Kb1 Kg7 24. Rxd6 Rxb3 25. Rxc6 Rb7 26. Ne4 Qe5 27. c3 Rhb8 28. b3 a4 29. Qg4+ Bg5 30. Nxg5 hxg5 31. b4 Rb5 32. Rc4 f6 33. Qf3 a3 34. Qf2 f5 35. Qa7+ R8b7 36. Qxa3 Qe2 37. Qc1 Qxc4 38. Qxg5+ Kf8 39. Qf6+ Ke8 40. Qg6+ Ke7 41. Qg7+ Kd6 42. Qf8+ Kc6 43. Qe8+ Kb6 44. Rd1 Qxc3 45. Qxe6+ Ka7 0-1

[Event "Tatry op"]
[Site "Tatranske Zruby"]
[Date "2012.09.24"]
[Round "2"]
[White "Vermirovsky, Vlastimil"]
[Black "Sikora, Jan"]
[Result "0-1"]
[WhiteElo "2044"]
[BlackElo "2203"]
[PlyCount "56"]
[EventDate "2012.09.23"]
[EventType "swiss"]
[EventRounds "9"]
[EventCountry "SVK"]
[SourceTitle "CBM 150 Extra"]
[Source "ChessBase"]
[SourceDate "2012.10.19"]
[SourceVersion "1"]
[SourceVersionDate "2012.10.19"]
[SourceQuality "1"]

1. e4 d5 2. exd5 Nf6 3. d4 Nxd5 4. Nf3 Bg4 5. h3 Bh5 6. c4 Nb6 7. g4 Bg6 8. Nc3 Nc6 9. Be3 e6 10. a3 Be7 11. Ne5 Nxe5 12. dxe5 Nd7 13. Qe2 Nxe5 14. Rd1 Nd7 15. Bg2 c6 16. Ne4 Qa5+ 17. Bd2 Qc7 18. Bc3 0-0 19. 0-0 Rfd8 20. b4 a5 21. f4 axb4 22. axb4 Bxe4 23. Bxe4 Bxb4 24. Bxg7 Kxg7 25. Qb2+ Nf6 26. g5 Be7 27. gxf6+ Bxf6 28. Qb1 Ra1 0-1

[Event "Brno op 2nd"]
[Site "Brno"]
[Date "2011.11.16"]
[Round "6"]
[White "Bernadskiy, Vitaliy"]
[Black "Vermirovsky, Vlastimil"]
[Result "1-0"]
[WhiteElo "2439"]
[BlackElo "1991"]
[PlyCount "87"]
[EventDate "2011.11.12"]
[EventType "swiss"]
[EventRounds "9"]
[EventCountry "CZE"]
[SourceTitle "EXT 2012"]
[Source "ChessBase"]
[SourceDate "2011.11.24"]
[SourceVersion "1"]
[SourceVersionDate "2011.11.24"]
[SourceQuality "1"]

1. d4 d5 2. c4 c6 3. Nf3 Nf6 4. Nc3 a6 5. e3 b5 6. b3 Bg4 7. Bd2 e6 8. h3 Bh5 9. g4 Bg6 10. Ne5 Bb4 11. h4 Bxc3 12. Bxc3 Ne4 13. Bb4 a5 14. Bd2 Nxd2 15. Qxd2 Be4 16. f3 f6 17. fxe4 fxe5 18. cxd5 exd5 19. exd5 Qxd5 20. Bg2 Qd6 21. 0-0 Nd7 22. Rac1 Ra6 23. Qc3 Rf8 24. Rxf8+ Kxf8 25. Bxc6 exd4 26. exd4 b4 27. Qf3+ Nf6 28. d5 Kg8 29. g5 Nh5 30. Re1 g6 31. Re6 Qc5+ 32. Qe3 Qxe3+ 33. Rxe3 Kf8 34. Kf2 Ng7 35. Re4 Nf5 36. Bd7 Ng7 37. Rc4 Ke7 38. Rc7 Kd6 39. Rb7 Nh5 40. Bc6 Nf4 41. Rd7+ Ke5 42. Kf3 Nd3 43. Bb5 Nc5 44. Rc7 1-0

[Event "Tatry op"]
[Site "Tatranske Zruby"]
[Date "2011.10.02"]
[Round "9"]
[White "Sepesi, Samuel"]
[Black "Vermirovsky, Vlastimil"]
[Result "1-0"]
[WhiteElo "1839"]
[BlackElo "1994"]
[PlyCount "51"]
[EventDate "2011.09.25"]
[EventType "swiss"]
[EventRounds "9"]
[EventCountry "SVK"]
[SourceTitle "CBM 144 Extra"]
[Source "ChessBase"]
[SourceDate "2011.10.28"]
[SourceVersion "1"]
[SourceVersionDate "2011.10.28"]
[SourceQuality "1"]

1. e4 c5 2. Nf3 d6 3. d4 cxd4 4. Nxd4 Nf6 5. Nc3 Nc6 6. Bg5 e6 7. Qd2 a6 8. 0-0-0 h6 9. Bh4 Nxe4 10. Qf4 Nf6 11. Nxc6 bxc6 12. Ne4 e5 13. Qf3 Qc7 14. Bxf6 gxf6 15. Qxf6 Rg8 16. Nxd6+ Bxd6 17. Rxd6 Qe7 18. Rxc6 Qxf6 19. Rxf6 Rg6 20. Rxg6 fxg6 21. Bd3 Kf7 22. Re1 Kf6 23. Be4 Ra7 24. Re3 g5 25. Rf3+ Ke7 26. Rb3 1-0

[Event "Tatry op"]
[Site "Tatranske Zruby"]
[Date "2011.09.29"]
[Round "6"]
[White "Vermirovsky, Vlastimil"]
[Black "Kolesar, Milan"]
[Result "0-1"]
[WhiteElo "1994"]
[BlackElo "2175"]
[PlyCount "70"]
[EventDate "2011.09.25"]
[EventType "swiss"]
[EventRounds "9"]
[EventCountry "SVK"]
[SourceTitle "CBM 144 Extra"]
[Source "ChessBase"]
[SourceDate "2011.10.28"]
[SourceVersion "1"]
[SourceVersionDate "2011.10.28"]
[SourceQuality "1"]

1. e4 c5 2. Nf3 d6 3. d4 cxd4 4. Nxd4 Nf6 5. Nc3 Nc6 6. Bg5 e6 7. Qd2 a6 8. 0-0-0 Bd7 9. f4 b5 10. Bxf6 gxf6 11. Kb1 Qb6 12. Nxc6 Bxc6 13. f5 b4 14. Ne2 e5 15. Ng3 Qc5 16. Nh5 Ke7 17. Bd3 a5 18. Rhe1 a4 19. Bc4 a3 20. b3 Rc8 21. h4 Rg8 22. Qe2 Bb5 23. Rd5 Bxc4 24. Qxc4 Qxc4 25. bxc4 Rxc4 26. Red1 Rxg2 27. Rxd6 Rd4 28. R6xd4 exd4 29. Nf4 Rg4 30. Nd5+ Kd6 31. Nxf6 Rxh4 32. c3 bxc3 33. Kc2 Bh6 34. Kd3 Rh3+ 35. Kxd4 c2 0-1

[Event "Ostrava Konik op-A"]
[Site "Ostrava"]
[Date "2011.05.06"]
[Round "7"]
[White "Stachon, Martin"]
[Black "Vermirovsky, Vlastimil"]
[Result "1-0"]
[WhiteElo "1936"]
[BlackElo "2026"]
[PlyCount "68"]
[EventDate "2011.04.30"]
[EventType "swiss"]
[EventRounds "9"]
[EventCountry "CZE"]
[SourceTitle "CBM 142 Extra"]
[Source "ChessBase"]
[SourceDate "2011.06.27"]
[SourceVersion "1"]
[SourceVersionDate "2011.06.27"]
[SourceQuality "1"]

1. e4 c5 2. Nf3 d6 3. d4 cxd4 4. Nxd4 Nf6 5. Nc3 Nc6 6. Be2 e5 7. Nf3 h6 8. 0-0 Be7 9. Re1 0-0 10. h3 Be6 11. Bf1 Nb8 12. a4 Nbd7 13. a5 a6 14. Nd5 Nxd5 15. exd5 Bf5 16. c4 Re8 17. b4 Bf6 18. Bb2 Bh7 19. Nd2 e4 20. Bxf6 Qxf6 21. Rc1 Rac8 22. Nb3 Rc7 23. Re3 Rec8 24. Rec3 Ne5 25. Qd4 Bf5 26. Kh1 Nd7 27. Qe3 Qe5 28. Qd4 Qxd4 29. Nxd4 Bg6 30. c5 Nb8 31. c6 bxc6 32. dxc6 f6 33. Bxa6 Nxa6 34. b5 Nc5 1-0

[Event "Ostrava Konik op-A"]
[Site "Ostrava"]
[Date "2011.05.01"]
[Round "2"]
[White "Vermirovsky, Vlastimil"]
[Black "Khaetsky, Roman"]
[Result "0-1"]
[WhiteElo "2026"]
[BlackElo "2394"]
[PlyCount "64"]
[EventDate "2011.04.30"]
[EventType "swiss"]
[EventRounds "9"]
[EventCountry "CZE"]
[SourceTitle "CBM 142 Extra"]
[Source "ChessBase"]
[SourceDate "2011.06.27"]
[SourceVersion "1"]
[SourceVersionDate "2011.06.27"]
[SourceQuality "1"]

1. e4 Nc6 2. d4 d5 3. Nc3 Nf6 4. e5 Nd7 5. f4 Nb6 6. Nf3 Bf5 7. Nh4 Bg6 8. Be3 e6 9. Nxg6 hxg6 10. Qd2 Nc4 11. Bxc4 dxc4 12. a3 Ne7 13. Bf2 Nd5 14. Ne4 Qd7 15. c3 Be7 16. 0-0 Qc6 17. a4 a5 18. b3 cxb3 19. Rfb1 Qc4 20. g3 Nb6 21. Qd1 Qc6 22. Qd3 Nxa4 23. Rxb3 Nb6 24. Nd2 a4 25. Rb5 0-0 26. c4 Rfd8 27. Qe2 a3 28. h4 Ra4 29. c5 Nc4 30. Rb3 Nxd2 31. Qxd2 Bxc5 32. Rc3 Qb6 0-1

[Event "Ostrava Konik op-A"]
[Site "Ostrava"]
[Date "2011.04.30"]
[Round "1"]
[White "Vermirovsky, Vlastimil"]
[Black "Janczarski, Michal"]
[Result "0-1"]
[WhiteElo "2026"]
[BlackElo "2296"]
[PlyCount "50"]
[EventDate "2011.04.30"]
[EventType "swiss"]
[EventRounds "9"]
[EventCountry "CZE"]
[SourceTitle "CBM 142 Extra"]
[Source "ChessBase"]
[SourceDate "2011.06.27"]
[SourceVersion "1"]
[SourceVersionDate "2011.06.27"]
[SourceQuality "1"]

1. e4 c5 2. Nf3 d6 3. d4 cxd4 4. Nxd4 Nf6 5. Nc3 a6 6. Bg5 e6 7. f4 Nc6 8. Nxc6 bxc6 9. e5 h6 10. Bh4 g5 11. fxg5 Nd5 12. Ne4 Qb6 13. c4 Qxb2 14. Bg3 Ne3 15. Qb1 Rb8 16. Qxb2 Rxb2 17. Bd3 hxg5 18. exd6 Nxg2+ 19. Kd1 Nf4 20. Bxf4 gxf4 21. Bc2 f5 22. Nf6+ Kd8 23. Kc1 Rb4 24. Bb3 Bg7 25. d7 Bb7 0-1

[Event "Tatry op"]
[Site "Tatranske Zruby"]
[Date "2010.10.08"]
[Round "8"]
[White "Vermirovsky, Vlastimil"]
[Black "Susko, Peter"]
[Result "1-0"]
[WhiteElo "2018"]
[BlackElo "1824"]
[PlyCount "45"]
[EventDate "2010.10.02"]
[EventType "swiss"]
[EventRounds "9"]
[EventCountry "SVK"]
[SourceTitle "CBM 138 Extra"]
[Source "ChessBase"]
[SourceDate "2010.10.29"]
[SourceVersion "1"]
[SourceVersionDate "2010.10.29"]
[SourceQuality "1"]

1. e4 c5 2. Nf3 d6 3. d4 cxd4 4. Nxd4 Nf6 5. Nc3 a6 6. Bg5 e6 7. f4 Be7 8. Qf3 Qc7 9. 0-0-0 b5 10. Bd3 Bb7 11. Rhe1 Nbd7 12. Qg3 b4 13. Nd5 Bxd5 14. exd5 Nxd5 15. Bxe7 Nxe7 16. Qxg7 Rg8 17. Qxh7 Nc5 18. g3 Rf8 19. Qh3 Rc8 20. Qg2 Nxd3+ 21. Rxd3 Qb6 22. f5 e5 23. f6 1-0

[Event "Tatry op"]
[Site "Tatranske Zruby"]
[Date "2010.10.02"]
[Round "1"]
[White "Kopnicky, Frantisek"]
[Black "Vermirovsky, Vlastimil"]
[Result "1/2-1/2"]
[WhiteElo "1960"]
[BlackElo "2018"]
[PlyCount "61"]
[EventDate "2010.10.02"]
[EventType "swiss"]
[EventRounds "9"]
[EventCountry "SVK"]
[SourceTitle "CBM 138 Extra"]
[Source "ChessBase"]
[SourceDate "2010.10.29"]
[SourceVersion "1"]
[SourceVersionDate "2010.10.29"]
[SourceQuality "1"]

1. e4 c5 2. c3 d5 3. exd5 Qxd5 4. d4 Nf6 5. Nf3 e6 6. Bd3 Nc6 7. 0-0 cxd4 8. cxd4 Be7 9. Nc3 Qd6 10. a3 0-0 11. Bg5 b6 12. Ne4 Nxe4 13. Bxe7 Nxe7 14. Bxe4 Nd5 15. Re1 Rd8 16. Ng5 h6 17. Nf3 Rb8 18. Rc1 Bb7 19. Ne5 Nf6 20. Bxb7 Rxb7 21. Qf3 Rc7 22. Rxc7 Qxc7 23. Qc3 Rc8 24. Rc1 Nd5 25. Qxc7 Rxc7 26. Rxc7 Nxc7 27. Kf1 Kf8 28. Ke2 f6 29. Nf3 Ke7 30. Kd3 Kd6 31. Nd2 1/2-1/2

[Event "Ostrava op"]
[Site "Ostrava"]
[Date "2010.05.06"]
[Round "6"]
[White "Blecha, Josef"]
[Black "Vermirovsky, Vlastimil"]
[Result "1/2-1/2"]
[WhiteElo "1915"]
[BlackElo "2040"]
[PlyCount "33"]
[EventDate "2010.05.01"]
[EventType "swiss"]
[EventRounds "9"]
[EventCountry "CZE"]
[SourceTitle "EXT 2011"]
[Source "ChessBase"]
[SourceDate "2010.11.26"]
[SourceVersion "1"]
[SourceVersionDate "2010.11.26"]
[SourceQuality "1"]

1. e4 c5 2. Nf3 d6 3. c4 Bg4 4. Nc3 e6 5. Be2 Nc6 6. d3 Be7 7. Be3 Nf6 8. 0-0 0-0 9. d4 Nd7 10. d5 Bxf3 11. Bxf3 Nce5 12. Be2 Nb6 13. b3 Bf6 14. Rc1 Qe7 15. Qc2 Ng6 16. Rfd1 e5 17. g3 1/2-1/2

[Event "Ostrava op"]
[Site "Ostrava"]
[Date "2010.05.03"]
[Round "3"]
[White "Vermirovsky, Vlastimil"]
[Black "Obrusnik, Michal"]
[Result "0-1"]
[WhiteElo "2040"]
[BlackElo "2180"]
[PlyCount "36"]
[EventDate "2010.05.01"]
[EventType "swiss"]
[EventRounds "9"]
[EventCountry "CZE"]
[SourceTitle "EXT 2011"]
[Source "ChessBase"]
[SourceDate "2010.11.26"]
[SourceVersion "1"]
[SourceVersionDate "2010.11.26"]
[SourceQuality "1"]

1. e4 c5 2. Nf3 Nc6 3. d4 cxd4 4. Nxd4 e5 5. Nb5 d6 6. N1c3 a6 7. Na3 b5 8. Nd5 Nge7 9. c4 Nd4 10. cxb5 Nxd5 11. exd5 Bd7 12. bxa6 Qa5+ 13. Bd2 Qxd5 14. f3 Be7 15. Bd3 Bh4+ 16. Kf1 0-0 17. Be4 Qc5 18. Rc1 Bb5+ 0-1